Telugu words - Statistics

General Stats
  • This quiz has been taken 22 times
  • The average score is 17 of 22
Answer Stats
Hint Answer % Correct
dog కుక్క
94%
girl అమ్మాయి
94%
me నన్ను
89%
cat పిల్లి
89%
yes అవును
89%
when ఎప్పుడు
83%
word పదం
83%
happiness ఆనందం
83%
sun సూర్యుడు
83%
no లేదు
78%
him అతనిని
78%
what ఏమి
78%
boy అబ్బాయి
78%
your మీ
78%
optimistic ఆశావాద
72%
song పాట
72%
how ఎలా
72%
rain వర్షం
67%
why ఎందుకు
67%
smart తెలివి
67%
music సంగీతం
61%
sad విచారంగా
56%
No matching quizzes found
Score Distribution
Percent of People with Each Score
Percentile by Number Answered
Your Score History
You have not taken this quiz